[Event "Liverpool Open"]
[Site "?"]
[Date "2007.09.04"]
[Round "3.30"]
[White "Tasker, Michael"]
[Black "Taylor, Edward"]
[Result "1/2-1/2"]
[WhiteElo "2070"]
[BlackElo "2072"]
[PlyCount "73"]
[EventDate "2007.09.05"]
[SourceDate "2007.09.05"]

1. Nf3 g6 2. d4 Bg7 3. c4 d6 4. e4 Nd7 5. Nc3 e6 6. Be2 Ne7 7. Be3 b6 8. Qd2 h6
9. O-O Bb7 10. Rab1 Kf8 11. b4 Kg8 12. Rfd1 Kh7 13. h3 Rf8 14. c5 f5 15. Qc2
fxe4 16. Nxe4 Nf6 17. Bd3 Nxe4 18. Bxe4 Bxe4 19. Qxe4 Qd7 20. h4 Nf5 21. Rbc1
bxc5 22. dxc5 d5 23. Qc2 Qe7 24. h5 gxh5 25. Nd4 Kh8 26. Qe2 Nxd4 27. Bxd4 Bxd4
28. Rxd4 Qf6 29. Rd2 h4 30. Re1 Rae8 31. a4 Qg5 32. b5 Rf4 33. Qe5+ Qxe5 34.
Rxe5 Rxa4 35. Rdxd5 Ra1+ 36. Kh2 Ra5 37. Rd7 1/2-1/2

[Event "Liverpool Open"]
[Site "?"]
[Date "2007.09.04"]
[Round "3.31"]
[White "Jameson, David"]
[Black "Madan, Augustin"]
[Result "0-1"]
[WhiteElo "2006"]
[BlackElo "2425"]
[PlyCount "151"]
[EventDate "2007.09.05"]
[SourceDate "2007.09.05"]

1. e4 c5 2. Nf3 d6 3. d4 cxd4 4. Nxd4 Nf6 5. Nc3 Nc6 6. Be2 e5 7. Nb3 Be6 8.
Be3 Be7 9. O-O O-O 10. f4 exf4 11. Bxf4 Qb6+ 12. Kh1 Ne5 13. Qd4 Qc7 14. Nc5
dxc5 15. Qxe5 Qxe5 16. Bxe5 Rfd8 17. Rad1 a6 18. a4 Kf8 19. h3 Rac8 20. Kg1
Rxd1 21. Rxd1 Nd7 22. Bd6 Bxd6 23. Rxd6 Ke7 24. Rd1 Ne5 25. Kf2 Nc6 26. Nd5+
Bxd5 27. exd5 Ne5 28. c4 {(=)} b6 29. Ra1 a5 30. Ra3 Kd6 31. Rb3 Rb8 32. Rg3 g6
33. Re3 f5 34. Rb3 Ke7 35. Re3 Kf6 36. Rb3 Rb7 37. Re3 Re7 38. Rb3 Rb7 39. Re3
Rd7 40. Rb3 Rd6 41. Re3 Rd8 42. Rb3 Rb8 43. Re3 Re8 44. Rb3 Nd7 45. Bf3 Ke7 46.
Re3+ Kd8 47. g3 Ne5 48. Be2 Kc7 49. Bf1 Kd6 50. Be2 Re7 51. Bf1 g5 52. Be2 h6
53. Rb3 Nd7 54. Rf3 Rf7 55. Re3 Re7 56. Rf3 Ke5 57. Re3+ Kf6 58. Bd3 Ne5 59.
Be2 Nd7 60. Bd3 Re5 61. Be2 Rxe3 62. Kxe3 Ne5 63. Bd3 Nf7 64. Be2 Ke5 65. Bf1
Nh8 66. Be2 Ng6 67. Bh5 Ne7 68. Be2 Ng8 69. Bf1 Nf6 70. Bd3 Nh5 71. Kf3 f4 72.
gxf4+ Nxf4 73. Bf1 Nh5 74. Bd3 Nf6 75. Ke3 Nd7 76. Bg6 {
remaining moves illegible} 0-1

[Event "Liverpool Open"]
[Site "?"]
[Date "2007.09.04"]
[Round "3.32"]
[White "Frith, Robert"]
[Black "Quillan, Gary"]
[Result "0-1"]
[WhiteElo "1696"]
[BlackElo "2359"]
[PlyCount "76"]
[EventDate "2007.09.05"]
[SourceDate "2007.09.05"]

1. f4 Nf6 2. Nf3 g6 3. d3 d5 4. c3 Bg7 5. Qc2 O-O 6. e4 c5 7. Be2 Nc6 8. O-O b5
9. e5 Nd7 10. Be3 Bb7 11. d4 cxd4 12. Nxd4 a6 13. Nxc6 Bxc6 14. Nd2 e6 15. Nb3
Qe7 16. Bd3 Rfc8 17. Qf2 Rc7 18. Rae1 Bb7 19. Bd4 h5 20. g4 hxg4 21. Qg3 a5 22.
Qxg4 a4 23. Nd2 Nc5 24. Bxb5 Ne4 25. Nxe4 dxe4 26. Re3 Bd5 27. Rg3 Rb8 28. Bxa4
Rxb2 29. Bb3 Bxb3 30. axb3 Rxb3 31. f5 exf5 32. Rxf5 Rb2 33. Qg5 Qd7 34. Rf2
Rxf2 35. Kxf2 Rb7 36. Re3 Rb2+ 37. Re2 Rb1 38. Qg3 Qf5+ 0-1

[Event "Liverpool Open"]
[Site "?"]
[Date "2007.09.04"]
[Round "3.33"]
[White "Blades, Tony"]
[Black "Ak Hirawan, Omar"]
[Result "0-1"]
[WhiteElo "1640"]
[BlackElo "2344"]
[PlyCount "86"]
[EventDate "2007.09.05"]
[SourceDate "2007.09.05"]

1. d4 Nf6 2. c4 g6 3. Nc3 d5 4. cxd5 Nxd5 5. Bd2 Bg7 6. e4 Nb6 7. Be3 O-O 8.
Nf3 Bg4 9. Be2 Bxf3 10. gxf3 Nc6 11. d5 Ne5 12. Bd4 Rc8 13. f4 Ned7 14. Bxg7
Kxg7 15. Qd2 c6 16. Rd1 cxd5 17. Nxd5 Nxd5 18. Qxd5 Nf6 19. Qb5 Qc7 20. e5 Ne4
21. O-O Nc5 22. Rc1 a6 23. Qb4 Rfd8 24. Rfd1 Rxd1+ 25. Bxd1 Qd7 26. Rxc5 Qxd1+
27. Kg2 Qg4+ 28. Kf1 Rd8 29. Rc1 Qh4 30. e6 Qh3+ 31. Kg1 Qxe6 32. Re1 Qg4+ 33.
Kf1 Qh3+ 34. Kg1 Rd5 35. Qc3+ Qxc3 36. bxc3 e6 37. Rb1 b5 38. Kg2 Kf6 39. a4
bxa4 40. Rb4 Ra5 41. c4 a3 42. Rb1 a2 43. Ra1 Ke7 0-1

[Event "Liverpool Open"]
[Site "?"]
[Date "2007.09.04"]
[Round "3.34"]
[White "Carleton, John J"]
[Black "Kent, Paul"]
[Result "1-0"]
[WhiteElo "2322"]
[BlackElo "1484"]
[PlyCount "93"]
[EventDate "2007.09.05"]
[SourceDate "2007.09.05"]

1. d4 d5 2. c4 e6 3. Nc3 Be7 4. cxd5 exd5 5. Bf4 c6 6. e3 Nf6 7. Bd3 O-O 8. h3
Nbd7 9. Nf3 Re8 10. Qc2 Nf8 11. g4 g6 12. O-O-O a5 13. Ne5 N6d7 14. Rdg1 Nxe5
15. Bxe5 b5 16. h4 Bxh4 17. f4 f6 18. Rxh4 fxe5 19. Rgh1 e4 20. Bf1 Ra7 21. Kb1
Ree7 22. Ne2 Qd6 23. Nc3 Rf7 24. Be2 Rac7 25. Rh6 Qd8 26. Rg1 Rg7 27. Qd2 Rcf7
28. Nd1 Rf6 29. Nf2 Qb6 30. Nh3 Rff7 31. Nf2 a4 32. Rhh1 Rc7 33. Rc1 b4 34. Bd1
Ra7 35. g5 Rge7 36. Bg4 Bf5 37. Rh6 Rac7 38. Qd1 b3 39. a3 Ne6 40. Bxf5 gxf5
41. g6 hxg6 42. Rxg6+ Ng7 43. Qh5 Kf7 44. Rxg7+ Kxg7 45. Rg1+ Kf8 46. Qh8+ Kf7
47. Qg8+ 1-0

[Event "Liverpool Open"]
[Site "?"]
[Date "2007.09.04"]
[Round "3.35"]
[White "Doran, Chris"]
[Black "Almond, Richard"]
[Result "0-1"]
[WhiteElo "1576"]
[BlackElo "2101"]
[PlyCount "46"]
[EventDate "2007.09.05"]
[SourceDate "2007.09.05"]

1. Nf3 d5 2. c4 c6 3. g3 Nf6 4. Bg2 g6 5. O-O Bg7 6. e3 O-O 7. Nc3 dxc4 8. a4
Bf5 9. Ne5 Nbd7 10. Nxd7 Qxd7 11. e4 Bh3 12. Re1 Bxg2 13. Kxg2 e5 14. h3 Rfd8
15. b3 Qe6 16. bxc4 Qxc4 17. Bb2 Bh6 18. Bc1 Rd3 19. Qe2 Qd4 20. Ra2 Rd8 21.
Nb1 Qd7 22. f3 Nh5 23. Qf2 Bf4 0-1

[Event "Liverpool Open"]
[Site "?"]
[Date "2007.09.04"]
[Round "3.36"]
[White "Bentley, Emma"]
[Black "Wilson, Alexandra"]
[Result "0-1"]
[WhiteElo "1368"]
[BlackElo "2066"]
[PlyCount "108"]
[EventDate "2007.09.05"]
[SourceDate "2007.09.05"]

1. e4 e6 2. Nf3 b6 3. Nc3 Bb7 4. Be2 d5 5. exd5 exd5 6. d4 Nf6 7. a3 Nbd7 8.
Bg5 Be7 9. Bf4 Rc8 10. O-O O-O 11. Re1 Ne4 12. Nxe4 dxe4 13. Nd2 Nf6 14. Nb3
Qd7 15. Be5 Qf5 16. Bxf6 Qxf6 17. Bg4 Rcd8 18. Bh3 c5 19. c3 Bd5 20. Nc1 Bd6
21. Ne2 Qh6 22. Qc1 Qh4 23. Ng3 f5 24. c4 Bb7 25. d5 Bc8 26. Qc3 Rde8 27. Rad1
g5 28. Nh1 g4 29. g3 Qxh3 30. Qe3 Rf6 31. Qg5+ Rg6 32. Qh4 Qxh4 33. gxh4 f4 34.
b3 Rh6 35. Rc1 Rxh4 36. Rc3 Kf7 37. Rcc1 Rh3 38. Rb1 Bf5 39. Rb2 Be5 40. Rd2
Bc3 41. Red1 Bxd2 42. Rxd2 Rxb3 43. Ra2 e3 44. fxe3 Rexe3 45. Rf2 Rb1+ 46. Rf1
Rxf1+ 47. Kxf1 Bd3+ 48. Kf2 Re2+ 49. Kg1 Re1+ 50. Kg2 Be4+ 51. Kf2 Rxh1 52. d6
Rxh2+ 53. Kg1 g3 54. d7 Rh1# 0-1

[Event "Liverpool Open"]
[Site "?"]
[Date "2007.09.04"]
[Round "3.37"]
[White "Chard, Marcus"]
[Black "Pass, Deborah"]
[Result "0-1"]
[WhiteElo "1608"]
[BlackElo "2044"]
[PlyCount "66"]
[EventDate "2007.09.05"]
[SourceDate "2007.09.05"]

1. e4 g6 2. d4 Bg7 3. Nf3 d6 4. h3 Nf6 5. Nc3 O-O 6. Bc4 c6 7. Bb3 b5 8. a3 a5
9. O-O Ba6 10. Re1 Qc7 11. Bg5 h6 12. Bxf6 Bxf6 13. Ne2 c5 14. c3 c4 15. Bc2 e5
16. Qd2 Kh7 17. Nh2 Nc6 18. Ng4 Bg7 19. f4 h5 20. Ne3 Qa7 21. Rad1 Rab8 22. Rf1
b4 23. axb4 axb4 24. f5 exd4 25. cxd4 c3 26. bxc3 bxc3 27. Qe1 Bxe2 28. Qxe2
Nxd4 29. Qf2 Rb2 30. f6 Bxf6 31. Qxf6 Nxc2 32. Rf3 Nxe3 33. Kh2 Nxd1 0-1

[Event "Liverpool Open"]
[Site "?"]
[Date "2007.09.04"]
[Round "3.38"]
[White "Vovk, Yuri"]
[Black "Balatoni, Richard"]
[Result "1-0"]
[WhiteElo "2557"]
[BlackElo "1528"]
[PlyCount "45"]
[EventDate "2007.09.05"]
[SourceDate "2007.09.05"]

1. e4 e6 2. d4 d5 3. Nc3 Bb4 4. e5 Qd7 5. Qg4 f5 6. Qg3 b6 7. a3 Bxc3+ 8. bxc3
c5 9. Nh3 Qf7 10. Nf4 Ne7 11. a4 c4 12. Ba3 Nbc6 13. h4 Bd7 14. Be2 O-O-O 15.
O-O Rdg8 16. Rfb1 g6 17. Qg5 h6 18. Qf6 Rf8 19. Qxf7 Rxf7 20. a5 g5 21. axb6
axb6 22. Bxe7 Rxe7 23. Ng6 1-0

[Event "Liverpool Open"]
[Site "?"]
[Date "2007.09.04"]
[Round "3.39"]
[White "Kennaugh, Charles"]
[Black "Crean, Mike"]
[Result "1-0"]
[WhiteElo "2294"]
[BlackElo "1424"]
[PlyCount "73"]
[EventDate "2007.09.05"]
[SourceDate "2007.09.05"]

1. e4 e5 2. f4 Nc6 3. Nc3 d6 4. Nf3 Nf6 5. Bb5 a6 6. Bxc6+ bxc6 7. fxe5 dxe5 8.
d3 Nd7 9. O-O Be7 10. Qe1 O-O 11. Qg3 f6 12. Be3 Qe8 13. Nh4 Bc5 14. Rae1 Rf7
15. Nf5 Bxe3+ 16. Rxe3 Kh8 17. Qh4 g5 18. Qh5 Re7 19. Qh6 Rf7 20. h4 Qf8 21.
hxg5 Qxh6 22. Nxh6 Rf8 23. Ng4 fxg5 24. Rxf8+ Nxf8 25. Nxe5 Bb7 26. Nf7+ Kg7
27. Nxg5 Ng6 28. Na4 Re8 29. Nc5 Bc8 30. d4 h6 31. Nf3 h5 32. a4 h4 33. e5 Nf4
34. Nxh4 Nd5 35. Rg3+ Kf7 36. c4 Rg8 37. Rxg8 1-0

[Event "Liverpool Open"]
[Site "?"]
[Date "2007.09.04"]
[Round "3.40"]
[White "Ashton, David"]
[Black "Littlewood, John Eric"]
[Result "0-1"]
[WhiteElo "1576"]
[BlackElo "2230"]
[PlyCount "80"]
[EventDate "2007.09.05"]
[SourceDate "2007.09.05"]

1. e4 e5 2. f4 exf4 3. Bc4 c6 4. Nc3 b5 5. Bb3 Qh4+ 6. Kf1 b4 7. Na4 Ne7 8. Nf3
Qh5 9. e5 g5 10. h4 h6 11. Qe2 Nf5 12. g4 Ng3+ 13. Ke1 Nxe2 14. gxh5 Ng3 15.
Rg1 g4 16. Nh2 d5 17. d4 Nxh5 18. c3 Be7 19. Nxg4 Bxh4+ 20. Nf2 bxc3 21. Nxc3
Na6 22. Bd1 Nb4 23. Kf1 Ba6+ 24. Kg2 Rg8+ 25. Kh2 Bg3+ 26. Kh3 Bc8+ 27. Bg4
Bxf2 28. Rg2 Bg3 29. Bxc8 Rxc8 30. Ne2 Nd3 31. Nxg3 fxg3 32. Kh4 Ne1 33. Re2 g2
34. Be3 g1=Q 35. Bxg1 Nf3+ 36. Kxh5 Rg5+ 37. Kxh6 Ke7 38. Kh7 Rh5+ 39. Kg7 Ng5
40. Rh2 Ne6# 0-1

[Event "Liverpool Open"]
[Site "?"]
[Date "2007.09.04"]
[Round "3.41"]
[White "Redmond, John"]
[Black "Morton, Alistair"]
[Result "1-0"]
[WhiteElo "2212"]
[BlackElo "1440"]
[PlyCount "65"]
[EventDate "2007.09.05"]
[SourceDate "2007.09.05"]

1. c4 Nf6 2. g3 d5 3. Nf3 d4 4. Bg2 c5 5. O-O Nc6 6. d3 h6 7. e3 e5 8. exd4
exd4 9. Re1+ Be7 10. Na3 O-O 11. Nc2 Bg4 12. h3 Bh5 13. g4 Bg6 14. Bf4 Bd6 15.
Ne5 Nxe5 16. Bxe5 Bxe5 17. Rxe5 Qc7 18. Re2 Rae8 19. Rxe8 Rxe8 20. Qd2 b6 21.
a3 Nd7 22. Re1 Rxe1+ 23. Nxe1 f5 24. f4 Nf6 25. Bf3 fxg4 26. hxg4 h5 27. g5 Ng4
28. Ng2 Qe7 29. Nh4 Be8 30. Nf5 Qc7 31. Qe2 Bg6 32. Ne7+ Kh7 33. Qe6 1-0

[Event "Liverpool Open"]
[Site "?"]
[Date "2007.09.04"]
[Round "3.42"]
[White "Wood, Michael"]
[Black "Martin, Brian"]
[Result "1-0"]
[WhiteElo "1616"]
[BlackElo "1424"]
[PlyCount "33"]
[EventDate "2007.09.05"]
[SourceDate "2007.09.05"]

1. e4 e6 2. c3 c5 3. Nf3 Nc6 4. d4 cxd4 5. cxd4 d5 6. e5 Bb4+ 7. Nc3 a6 8. Bd3
Nge7 9. O-O O-O 10. Bxh7+ Kh8 11. Bc2 g6 12. Bg5 Qa5 13. Bf6+ Kg8 14. Qd2 Re8
15. Qh6 Nf5 16. Bxf5 Bf8 17. Qh8# 1-0

[Event "Liverpool Open"]
[Site "?"]
[Date "2007.09.06"]
[Round "6.5"]
[White "McNab, Colin Anderson"]
[Black "Ghaem Maghami, Ehsan"]
[Result "1/2-1/2"]
[WhiteElo "2416"]
[BlackElo "2610"]
[PlyCount "219"]
[EventDate "2007.09.06"]
[SourceDate "2007.09.06"]

1. c4 Nf6 2. Nf3 c5 3. g3 Nc6 4. Bg2 d5 5. cxd5 Nxd5 6. Nc3 Nc7 7. b3 e5 8. Bb2
Be7 9. Rc1 f6 10. O-O O-O 11. Ne1 Qd7 12. Nd3 b6 13. f4 exf4 14. Nxf4 Bb7 15.
e3 Nd8 16. Bxb7 Nxb7 17. Qf3 Nd8 18. d4 cxd4 19. exd4 Nde6 20. d5 Nxf4 21. Qxf4
Bd6 22. Qf5 Qxf5 23. Rxf5 Rfe8 24. Rf3 Rad8 25. Rd1 Rd7 26. Rfd3 Red8 27. Ne4
f5 28. Nxd6 Rxd6 29. Rf1 Rxd5 30. Rdf3 g6 31. g4 fxg4 32. Rf4 Rd1 33. Rxg4 R8d2
34. Be5 Rxf1+ 35. Kxf1 Ne6 36. Ra4 Rd1+ 37. Ke2 Rd7 38. Rc4 Kf7 39. Rc8 g5 40.
Ke3 Kg6 41. Bb8 Kf5 42. b4 h5 43. a4 h4 44. a5 bxa5 45. bxa5 Rb7 46. a6 Rb6 47.
Bxa7 Rxa6 48. Bb8 Ra8 49. Kf2 Ra2+ 50. Ke3 Ra8 51. Kf2 g4 52. Ke3 Ra3+ 53. Kf2
Ra8 54. Ke3 Ra3+ 55. Kf2 Rf3+ 56. Ke1 Rb3 57. Kf2 Rb4 58. Ke3 Rb5 59. Kf2 Ng5
60. Rf8+ Kg6 61. Rg8+ Kh7 62. Rc8 Rb3 63. Be5 Ne4+ 64. Ke2 Kg6 65. Rf8 Rb5 66.
Bf4 Nf6 67. Rb8 Ra5 68. Bc7 Ra2+ 69. Kd3 Ra3+ 70. Kd4 Ra4+ 71. Kd3 Nd5 72. Bd6
Ra6 73. Rg8+ Kf5 74. Rf8+ Ke6 75. Bb8 Ra3+ 76. Ke2 Ra8 77. Rh8 Nf6 78. Ke3 Kf5
79. Rf8 Kg6 80. Bd6 Ra6 81. Be5 Ra3+ 82. Kd4 Ra4+ 83. Kd3 Nd7 84. Rg8+ Kf5 85.
Bc7 Ra7 86. Rc8 Ra3+ 87. Kd4 Ra4+ 88. Kd3 Nc5+ 89. Ke3 Ra3+ 90. Ke2 Ne6 91. Bb8
Ke4 92. Re8 Ra2+ 93. Ke1 Kf5 94. Rh8 Ng5 95. Kf1 Ra1+ 96. Ke2 Ra2+ 97. Ke3 Ra3+
98. Ke2 h3 99. Rf8+ Kg6 100. Rg8+ Kf6 101. Bf4 Ne6 102. Bd6 Nd4+ 103. Kd2 Ra6
104. Bg3 Ra4 105. Kd3 Nf5 106. Bb8 Kf7 107. Rg5 Kf6 108. Rg8 Ra3+ 109. Ke4 Ra4+
110. Kd3 1/2-1/2

[Event "Liverpool Open"]
[Site "?"]
[Date "2007.09.07"]
[Round "7.1"]
[White "Lie, Kjetil A"]
[Black "David, Alberto"]
[Result "1/2-1/2"]
[WhiteElo "2536"]
[BlackElo "2529"]
[PlyCount "99"]
[EventDate "2007.09.07"]
[SourceDate "2007.09.07"]

1. e4 e6 2. d4 d5 3. Nd2 c5 4. Ngf3 Nc6 5. exd5 exd5 6. Bb5 Bd6 7. dxc5 Bxc5 8.
O-O Nge7 9. Nb3 Bb6 10. c3 O-O 11. Bd3 Nf5 12. Bc2 Re8 13. Qd3 g6 14. Bf4 Be6
15. Rad1 Qf6 16. Qd2 Rac8 17. Bd3 d4 18. c4 a5 19. Bg5 Qg7 20. Bxf5 gxf5 21. c5
Bxb3 22. axb3 Bxc5 23. Qf4 Ne5 24. Nh4 f6 25. Bh6 Ng6 26. Nxg6 Qxg6 27. Rd3 Re4
28. Qc1 Rg4 29. Kh1 f4 30. Rh3 Qf5 31. Qc4+ Kh8 32. Qf7 Qg6 33. Qd5 b6 34. f3
Rxg2 35. Bxf4 Rg8 36. Rg3 Rxg3 37. Bxg3 Qe8 38. Re1 Qg6 39. Re6 Re8 40. Rxe8+
Qxe8 41. Bh4 Kg7 42. Qf5 Qe5 43. Qd7+ Kg6 44. Qg4+ Kf7 45. Qd7+ Qe7 46. Qf5 Kg7
47. Qg4+ Kf7 48. Qf5 Kg7 49. Qg4+ Kf7 50. Qf5 1/2-1/2

[Event "Liverpool Open"]
[Site "?"]
[Date "2007.09.07"]
[Round "7.2"]
[White "Fridman, Daniel"]
[Black "Williams, Simon Kim"]
[Result "1-0"]
[WhiteElo "2628"]
[BlackElo "2480"]
[PlyCount "121"]
[EventDate "2007.09.07"]
[SourceDate "2007.09.07"]

1. d4 e6 2. Nf3 Nf6 3. Bg5 h6 4. Bh4 c5 5. e3 b6 6. Bd3 Bb7 7. O-O Be7 8. Nbd2
O-O 9. c3 d6 10. Re1 Nh5 11. Bxe7 Qxe7 12. b4 Nd7 13. bxc5 dxc5 14. Nc4 Rfd8
15. a4 Rac8 16. Rb1 cxd4 17. cxd4 Nhf6 18. Qe2 Ne4 19. Rec1 Bd5 20. Qb2 Rc7 21.
Bxe4 Bxe4 22. Ncd2 Bc6 23. Qb4 Qxb4 24. Rxb4 Rcc8 25. Rbc4 Bb7 26. Rc7 Nb8 27.
a5 bxa5 28. Nb3 a4 29. Rxb7 axb3 30. Ra1 Rd7 31. Rxb3 Rdc7 32. Rbb1 Nd7 33. h3
Kf8 34. Ne1 Rb8 35. Rxb8+ Nxb8 36. Nd3 Nd7 37. Kf1 Ke7 {(=)} 38. Ke2 Kd8 39. g4
Kc8 40. Kd2 Kb8 41. h4 g6 42. Ra5 Kb7 43. Ra1 Rc6 44. Rh1 Ra6 45. h5 Ra2+ 46.
Kc3 g5 47. f4 f6 48. fxg5 fxg5 49. Rf1 Re2 50. Rf7 Kc6 51. e4 a5 52. Re7 Kd6
53. Rh7 Re3 54. e5+ Kc6 55. d5+ exd5 56. Rxh6+ Kb5 57. Rd6 Nb6 58. e6 a4 59. h6
a3 60. h7 a2 61. Rxb6+ 1-0

[Event "Liverpool Open"]
[Site "?"]
[Date "2007.09.07"]
[Round "7.3"]
[White "Haslinger, Stewart"]
[Black "Berg, Emanuel"]
[Result "1/2-1/2"]
[WhiteElo "2468"]
[BlackElo "2580"]
[PlyCount "171"]
[EventDate "2007.??.??"]

1. e4 e6 2. d4 d5 3. Nd2 Nf6 4. e5 Nfd7 5. c3 c5 6. Bd3 Nc6 7. Ne2 cxd4 8. cxd4
f6 9. exf6 Nxf6 10. Nf3 Qc7 11. O-O Bd6 12. g3 O-O 13. Bf4 Ng4 14. Bxd6 Qxd6
15. Nc3 e5 16. dxe5 Qh6 17. h4 Ngxe5 18. Ng5 Bg4 19. Be2 Bxe2 20. Qxd5+ Kh8 21.
Nxe2 Rad8 22. Qe4 Nf7 23. Nf4 Nd6 24. Qd5 Rxf4 25. gxf4 Qxh4 26. Qh1 Qg4+ 27.
Qg2 Qxf4 28. Ne6 Qf6 29. Nxd8 Nxd8 30. Rfe1 h6 31. Rad1 N8f7 32. Rd3 Kh7 33.
Qd5 Nf5 34. Qe6 Qg5+ 35. Kf1 Qh5 36. Qe4 b6 37. Rc1 Qg6 38. Qg2 Ng5 39. Rc6 Qf7
40. b3 Ne7 41. Rc4 Qf5 42. Rd1 Ng6 43. Qg4 Qf6 44. Qg3 Ne5 45. Qf4 Qe6 46. Rc3
Ng6 47. Qd4 Qf5 48. Qd3 Ne4 49. Qf3 Qa5 50. Rcd3 Ng5 51. Qd5 Qxa2 52. Qf5 Qc2
53. Kg1 a5 54. R1d2 Qc1+ 55. Kh2 Qe1 56. Rd6 Qe4 57. Qxg6+ Qxg6 58. Rxg6 Kxg6
59. Rd6+ Kf5 60. Rxb6 Nf3+ 61. Kg3 Nd4 62. f3 h5 63. Kf2 Kf4 64. Rg6 Nxf3 65.
Rxg7 Nd2 66. Rb7 Ne4+ 67. Kg2 Nd2 68. Kf2 Ne4+ 69. Kg2 Nd2 70. Rb5 Ke4 71. Kf2
Kd3 72. Ke1 Kc3 73. Rxa5 Nxb3 74. Rxh5 Kd3 75. Rh3+ Kc4 76. Ke2 Nd4+ 77. Ke3
Nf5+ 78. Ke4 Nd6+ 79. Ke5 Nb5 80. Rh4+ Kc5 81. Rh1 Kc4 82. Rh8 Nc3 83. Rc8+ Kd3
84. Rc7 Nb5 85. Rh7 Kc4 86. Rh4+ 1/2-1/2

[Event "Liverpool Open"]
[Site "?"]
[Date "2007.09.07"]
[Round "7.5"]
[White "Miezis, Normunds"]
[Black "Smerdon, David"]
[Result "0-1"]
[WhiteElo "2524"]
[BlackElo "2461"]
[PlyCount "84"]
[EventDate "2007.09.07"]
[SourceDate "2007.09.07"]

1. c4 e5 2. Nc3 Bb4 3. g3 Bxc3 4. dxc3 d6 5. e4 Nc6 6. Nf3 h6 7. Bg2 Be6 8. b3
Qd7 9. h3 Nge7 10. Ba3 a6 11. Qe2 b6 12. Rd1 O-O 13. Nd2 b5 14. c5 b4 15. Bxb4
Nxb4 16. cxb4 Qb5 17. f4 f6 18. Rc1 Qxb4 19. cxd6 cxd6 20. O-O Rfc8 21. Qd3 Rc6
22. Rxc6 Nxc6 23. Rc1 Qb6+ 24. Kh2 Nb4 25. Qe2 Nxa2 26. Ra1 Nb4 27. Rc1 Nc6 28.
Qd3 Nd4 29. f5 Bf7 30. Bf1 Nxb3 31. Nxb3 Qxb3 32. Rc3 Qb6 33. Qc2 a5 34. h4 a4
35. Rc7 Bb3 36. Qc3 Kh7 37. Re7 a3 38. Qf3 a2 39. Rxg7+ Kxg7 40. Qg4+ Kf8 41.
Qg6 Qf2+ 42. Bg2 Ke7 0-1

[Event "Liverpool Open"]
[Site "?"]
[Date "2007.09.07"]
[Round "7.7"]
[White "Ghaem Maghami, Ehsan"]
[Black "Glud, Jakob Vang"]
[Result "1-0"]
[WhiteElo "2610"]
[BlackElo "2435"]
[PlyCount "129"]
[EventDate "2007.09.07"]
[SourceDate "2007.09.07"]

1. e4 e5 2. Nf3 Nc6 3. c3 Nf6 4. d4 Nxe4 5. d5 Ne7 6. Nxe5 Ng6 7. Nxg6 hxg6 8.
Bd3 Nc5 9. Bc2 d6 10. Be3 Bf5 11. Bxf5 gxf5 12. Qc2 Qf6 13. Nd2 O-O-O 14. O-O-O
f4 15. Bd4 Qg6 16. Qxg6 fxg6 17. Nf3 Rh5 18. c4 Ne4 19. Rde1 Ng5 20. Nd2 Kd7
21. h4 Nf7 22. Nf3 c6 23. dxc6+ bxc6 24. Re4 Rf5 25. Rd1 c5 26. Bc3 Re8 27.
Rxe8 Kxe8 28. Rd5 Rxd5 29. cxd5 Nh6 30. Kd2 Ng4 31. Ke2 Be7 32. Bxg7 Bf6 33.
Bxf6 Nxf6 34. Kd3 Ng4 35. Ke2 Nf6 36. Kd3 Ng4 37. Ke2 Nf6 38. Nd2 Nxd5 39. a3
Ne7 40. Kf3 Nf5 41. Kg4 Ke7 42. Nf3 Kf6 43. Kxf4 d5 44. g4 Nd6 45. g5+ Ke6 46.
Ne5 d4 47. b3 a5 48. a4 Nf5 49. Nd3 Nxh4 50. Ke4 Kd6 51. Ne5 Ke6 52. Nd3 Kd6
53. Ne5 Ke6 54. Nc4 Nf5 55. Nxa5 Nd6+ 56. Kd3 Kd5 57. Nc4 Ne4 58. f4 Nf2+ 59.
Ke2 Nh3 60. Kf3 Ng1+ 61. Kf2 Nh3+ 62. Kg3 Ng1 63. a5 Ne2+ 64. Kf3 Nc1 65. a6
1-0

[Event "Liverpool Open"]
[Site "?"]
[Date "2007.09.07"]
[Round "7.8"]
[White "Vovk, Yuri"]
[Black "Quillan, Gary"]
[Result "1-0"]
[WhiteElo "2557"]
[BlackElo "2359"]
[PlyCount "85"]
[EventDate "2007.09.07"]
[SourceDate "2007.09.07"]

1. d4 e6 2. c4 Nf6 3. Nc3 c5 4. d5 exd5 5. cxd5 d6 6. Nf3 g6 7. Bf4 a6 8. e4 b5
9. Qe2 Be7 10. O-O-O Nh5 11. Bh6 Bg4 12. e5 Bxf3 13. Qxf3 Bg5+ 14. Bxg5 Qxg5+
15. Kb1 O-O 16. g4 Nf4 17. h4 Qxe5 18. Bxb5 axb5 19. Rhe1 Qf6 20. Ne4 Qe5 21.
Ng3 Qf6 22. g5 Qd8 23. Qxf4 Qa5 24. a3 b4 25. Re3 Nd7 26. Ne4 Qa4 27. Rde1 bxa3
28. Rxa3 Qb5 29. Nxd6 Qb8 30. Re8 Rxe8 31. Qxf7+ Kh8 32. Nxe8 Qxe8 33. Rxa8
Qxa8 34. Qxd7 Qa6 35. Qe8+ Kg7 36. Qe7+ Kg8 37. Qe6+ Qxe6 38. dxe6 Kf8 39. Kc2
Ke7 40. Kd3 Kxe6 41. Ke4 Kd6 42. f4 Ke6 43. b3 1-0

[Event "Liverpool Open"]
[Site "?"]
[Date "2007.09.07"]
[Round "7.9"]
[White "Sebenik, Matej"]
[Black "Dgebuadze, Alexandre"]
[Result "0-1"]
[WhiteElo "2465"]
[BlackElo "2508"]
[PlyCount "124"]
[EventDate "2007.09.07"]
[SourceDate "2007.09.07"]

1. d4 Nf6 2. c4 e6 3. g3 c5 4. d5 exd5 5. cxd5 a6 6. Bg2 d6 7. Nf3 g6 8. O-O
Bg7 9. a4 O-O 10. Nfd2 Nbd7 11. Nc4 Nb6 12. Nba3 Ne8 13. Nxb6 Qxb6 14. Nc4 Qc7
15. Bf4 Bd7 16. Qc2 b5 17. axb5 Bxb5 18. Ra2 Qe7 19. Rc1 g5 20. Bd2 f5 21. Na5
f4 22. gxf4 gxf4 23. Re1 Nf6 24. Nc6 Qf7 25. Ra3 Rae8 26. Rh3 h6 27. Qf5 Ne4
28. Bxe4 Qxf5 29. Bxf5 Rxf5 30. e4 fxe3 31. Rexe3 Rxe3 32. Rxe3 Kh7 33. Ne7
Rg5+ 34. Kh1 Bc4 35. f3 Re5 36. Rxe5 Bxe5 37. b4 Bf6 38. Nf5 Bxd5 39. Kg2 c4
40. Kf2 Bb2 41. Ne3 Be6 42. Nd1 Bd4+ 43. Ke2 Kg6 44. Bc3 Bg1 45. h4 Kh5 46. Bf6
d5 47. Ne3 Bh2 48. Kf2 Bd6 49. Ng2 Kg6 50. Bc3 Bd7 51. Ke3 Kf5 52. f4 Be7 53.
Be5 Bxb4 54. Kd4 Bd2 55. Ne3+ Bxe3+ 56. Kxe3 h5 57. Bc3 Kg4 58. Be1 Bf5 59. Kd4
Be4 60. Ke5 Kf3 61. f5 Bxf5 62. Kxd5 Ke2 0-1

[Event "Liverpool Open"]
[Site "?"]
[Date "2007.09.07"]
[Round "7.11"]
[White "Ciuksyte, Dagne"]
[Black "Carleton, John J"]
[Result "1-0"]
[WhiteElo "2426"]
[BlackElo "2322"]
[PlyCount "99"]
[EventDate "2007.09.07"]
[SourceDate "2007.09.07"]

1. e4 Nf6 2. e5 Nd5 3. d4 d6 4. c4 Nb6 5. exd6 cxd6 6. Nc3 g6 7. Be3 Bg7 8. Rc1
O-O 9. h3 Nc6 10. Nf3 e5 11. d5 Nd4 12. Bd3 Nxf3+ 13. Qxf3 f5 14. Be2 Nd7 15.
O-O Nf6 16. Rfe1 Nh5 17. Bd2 a6 18. Na4 Bd7 19. Qb3 b5 20. cxb5 axb5 21. Bxb5
Rb8 22. Nc3 e4 23. a4 Bd4 24. Qc4 Bb6 25. b4 Bc8 26. Be3 Bxe3 27. Rxe3 f4 28.
Rxe4 f3 29. Re6 Qg5 30. Qf1 Nf4 31. Ne4 Qh6 32. gxf3 Bxe6 33. dxe6 d5 34. e7
Nxh3+ 35. Kg2 Rxf3 36. Kxf3 dxe4+ 37. Kg3 Qf4+ 38. Kxh3 Qf3+ 39. Kh2 Qf4+ 40.
Kg1 Qg5+ 41. Qg2 Qxc1+ 42. Kh2 Qh6+ 43. Qh3 Qxh3+ 44. Kxh3 Kf7 45. e8=Q+ Rxe8
46. Bxe8+ Kxe8 47. Kg4 h5+ 48. Kf4 h4 49. Kxe4 g5 50. Kf3 1-0

[Event "Liverpool Open"]
[Site "?"]
[Date "2007.09.07"]
[Round "7.13"]
[White "Madan, Augustin"]
[Black "Littlewood, John Eric"]
[Result "1-0"]
[WhiteElo "2425"]
[BlackElo "2230"]
[PlyCount "61"]
[EventDate "2007.09.07"]
[SourceDate "2007.09.07"]

1. e4 e5 2. Nf3 d6 3. d4 exd4 4. Nxd4 g6 5. Nc3 Bg7 6. Be3 Nf6 7. Qd2 O-O 8.
O-O-O Re8 9. Bg5 h6 10. Bxh6 Nxe4 11. Nxe4 Rxe4 12. Bxg7 Kxg7 13. f3 Re8 14. h4
Rh8 15. Nb5 Na6 16. Nc3 Nc5 17. Qd4+ f6 18. Bc4 Ne6 19. Bxe6 Bxe6 20. g4 Kf7
21. Ne4 a5 22. g5 f5 23. Nf6 Ra6 24. h5 c5 25. Qe3 gxh5 26. Nxh5 d5 27. g6+
Kxg6 28. Rdg1+ Kf7 29. Qe5 Bc8 30. Qg7+ Ke6 31. Rg6+ 1-0